Fußballvereine in Bayern - Statistiken

Allgemein
  • Dieses Quiz wurde 517 mal gespielt
  • Das Durchschnittsergebnis liegt bei 8 aus 15
Antwortstatistiken
Verein spielte in Liga ... Antwort % Korrekt
1 FC Bayern München
100%
1, 2 1. FC Nürnberg
92%
1, 2, 3 TSV 1860 München
92%
1, 2 FC Augsburg
86%
1, 2 SpVgg Greuther Fürth
81%
2, 3 Jahn Regensburg
68%
1, 2, 3 Spielvereinigung Unterhaching
67%
2, 3 SpVgg Bayreuth
62%
2, 3 Würzburger Kickers
59%
1, 2, 3 FC Ingolstadt
45%
2 SV Viktoria Aschaffenburg
30%
3 Wacker Burghausen
25%
2 SpVgg Bayern Hof
24%
2 MTV 1881 Ingolstadt
10%
2 ESV Ingolstadt
8%
Keine übereinstimmenden Quizze gefunden
Verteilung der Resultate
Anzahl Personen mit jedem Resultat
Perzentil nach korrekt beantworteten Fragen
Ihre Resultats-Entwicklung
Sie haben dieses Quiz noch nicht gespielt